000
003330000a22001450004500
005
20120302063338.0
942
_c
BOOK
100
_a
KUNTE , BHAGWAN GANESH
245
_a
SAKSHIDARACHA PINJARA
260
_a
THANE : SHASHIKALA KUNTE ,1996
300
_a
75 P.
040
_a
MAR
365
_b
RS.45/-
650
_a
SANKIRNA / NATAK
999
_c
359258
_d
359255